[Event "Miedzynarodowy Memorial Ireny Warakomskiej (Turniej Blitza)"]
[Site "Suwalki"]
[Date "2017-08-16"]
[Round "4.14"]
[White "Tarnowska, Aleksandra"]
[Black "Ocytko, Andrzej"]
[Result "0-1"]
[WhiteTitle ""]
[BlackTitle ""]
[WhiteElo "1774"]
[BlackElo "2113"]

1. e4 c5 2. Nc3 Nc6 3. f4 g6 4. Nf3 d6 5. g3 Bg7 6. Bg2 e6 7. d3 Nge7 8. O-O O-O
9. Kh1 Nd4 10. Ne2 Nec6 11. c3 Nxf3 12. Bxf3 Ne7 13. Qe1 Bd7 14. Be3 Bc6 15. d4
b6 16. g4 f5 17. exf5 Bxf3+ 18. Rxf3 exf5 19. g5 Nd5 20. dxc5 bxc5 21. Rd1 Nxe3
22. Rxe3 Qb6 23. b3 c4 24. Re6 cxb3 25. axb3 Qxb3 26. Rexd6 Rfe8 27. Qd2 a5 28.
Nd4 Qb7+ 29. Kg1 a4 30. Ne6 Ra7 31. Nxg7 Qxg7 32. Qa2+ Qf7 33. Qa3 Qe7 34. Qa2+
Qf7 35. Qa3 Kh8 36. c4 Qxc4 37. Rd8 Rae7 38. Qa1+ Kg8 39. Rxe8+ Rxe8 40. Qf6 Qc5+
41. Kg2 0-1

[Event "Miedzynarodowy Memorial Ireny Warakomskiej (Turniej Blitza)"]
[Site "Suwalki"]
[Date "2017-08-16"]
[Round "4.15"]
[White "Litner, Igor "]
[Black "Bogdanov, Ignat"]
[Result "0-1"]
[WhiteTitle ""]
[BlackTitle ""]
[WhiteElo "1719"]
[BlackElo "2092"]

1. d4 d5 2. c4 dxc4 3. e3 c5 4. Bxc4 cxd4 5. exd4 e6 6. Nc3 Bb4 7. Nf3 Nf6 8. O-O
O-O 9. a3 Bxc3 10. bxc3 a6 11. a4 b6 12. Ne5 Bb7 13. Ba3 Re8 14. Qb3 Nc6 15. Nxc6
Bxc6 16. Rab1 b5 17. axb5 axb5 18. Bd3 Be4 19. Bxe4 Nxe4 20. Rfd1 Qc7 21. Bb4
Qc4 22. f3 Nf6 23. Qxc4 bxc4 24. Bc5 Nd5 25. Rdc1 Ra2 26. Rb7 Ne3 27. g3 Nd5 28.
Bb4 h6 29. f4 Rea8 30. Rf1 Rb2 31. f5 Raa2 32. Rf3 Rg2+ 33. Kf1 Rxh2 34. Kg1 Rhg2+
35. Kh1 exf5 36. Rxf5 Rge2 37. Rbxf7 Nxb4 38. cxb4 c3 39. Rf1 c2 40. Rf8+ Kh7
41. Rc8 Rb2 0-1

[Event "Miedzynarodowy Memorial Ireny Warakomskiej (Turniej Blitza)"]
[Site "Suwalki"]
[Date "2017-08-16"]
[Round "4.16"]
[White "Kalejta, Arkadiusz "]
[Black "Krzywda, Andrzej "]
[Result "0-1"]
[WhiteTitle ""]
[BlackTitle ""]
[WhiteElo "1683"]
[BlackElo "2047"]

1. e4 c5 2. Nf3 d6 3. d4 cxd4 4. Nxd4 Nf6 5. Nc3 a6 6. Bg5 Nbd7 7. f4 Qc7 8. Qf3
h6 9. Bh4 g5 10. fxg5 hxg5 11. Bxg5 Qc5 12. Bxf6 Nxf6 13. O-O-O Bg4 14. Qd3 Bxd1
15. Qxd1 Rc8 16. Be2 b5 17. Ndxb5 axb5 18. Bxb5+ Kd8 19. Re1 Qe5 20. Nd5 e6 21.
Nxf6 Qxb5 22. e5 Rb8 23. b3 Qa5 24. Kb1 Ra8 25. a4 Rb8 26. exd6 Qxa4 27. Kc1 Qa1+
28. Kd2 Qxf6 29. Qb1 Qd4+ 30. Ke2 Rxh2 0-1

[Event "Miedzynarodowy Memorial Ireny Warakomskiej (Turniej Blitza)"]
[Site "Suwalki"]
[Date "2017-08-16"]
[Round "4.17"]
[White "Wozniak, Mariola "]
[Black "Zianowicz, Dominik "]
[Result "1-0"]
[WhiteTitle ""]
[BlackTitle ""]
[WhiteElo "2045"]
[BlackElo "1851"]

1. e4 c6 2. d4 d5 3. Nc3 dxe4 4. Nxe4 Bf5 5. Ng3 Bg6 6. h4 h6 7. Nf3 Nd7 8. h5
Bh7 9. Bd3 Bxd3 10. Qxd3 Ngf6 11. Bd2 e6 12. O-O-O Qc7 13. Qe2 O-O-O 14. Ne5 Nxe5
15. dxe5 Nd5 16. c4 Nb6 17. f4 Rd4 18. b3 Ba3+ 19. Kc2 Rhd8 20. Be3 Rxd1 21. Rxd1
Rxd1 22. Qxd1 Qe7 23. Ne4 Kc7 24. g4 Qh4 25. Nf2 Qg3 26. Qd2 Bb4 27. Qxb4 Qxe3
28. Qd2 Qxd2+ 29. Kxd2 Nd7 30. Ke3 b5 31. cxb5 cxb5 32. Ke4 Kc6 33. b4 Nb6 34.
g5 Nd5 35. a3 Nc3+ 36. Kd3 Nb1 37. gxh6 gxh6 38. Ng4 Nxa3 39. Nxh6 Nc4 40. Nxf7
Nb6 41. h6 Nd5 42. Ke4 Ne7 43. h7 Ng6 44. h8=Q Nxh8 45. Nxh8 Kb6 46. Kd4 a5 47.
bxa5+ Kxa5 48. Kc3 Ka4 49. Kb2 Kb4 50. Nf7 Kc4 51. Ng5 Kd5 52. Kc3 1-0

[Event "Miedzynarodowy Memorial Ireny Warakomskiej (Turniej Blitza)"]
[Site "Suwalki"]
[Date "2017-08-16"]
[Round "4.18"]
[White "Medvedyk, Volodymyr"]
[Black "Murawko, Julia "]
[Result "1-0"]
[WhiteTitle ""]
[BlackTitle ""]
[WhiteElo "1950"]
[BlackElo "1732"]

1. c4 e5 2. g3 Nc6 3. Nc3 d6 4. Bg2 g6 5. d3 Bg7 6. e4 Nge7 7. Nge2 O-O 8. O-O
f5 9. Be3 Qe8 10. Nd5 Nxd5 11. cxd5 Ne7 12. Rc1 Qd7 13. d4 fxe4 14. Bxe4 Nf5 15.
dxe5 Nxe3 16. fxe3 Rxf1+ 17. Qxf1 Bxe5 18. Nf4 Qg7 19. b3 Bg4 20. h3 Bf5 21. Bg2
Rc8 22. e4 Bd7 23. Qc4 Qf7 24. Rf1 Qg7 25. Ne6 Bxe6 26. dxe6 Kh8 27. Rf7 Qh6 28.
Rxc7 Rxc7 29. Qxc7 Qe3+ 30. Kh1 Bxg3 31. Qd8+ Kg7 32. Qe7+ Kh6 33. Qf8+ Kh5 34.
Qf3+ Qxf3 35. Bxf3+ Kg5 36. e7 1-0

[Event "Miedzynarodowy Memorial Ireny Warakomskiej (Turniej Blitza)"]
[Site "Suwalki"]
[Date "2017-08-16"]
[Round "4.19"]
[White "Slezinski, Nikodem "]
[Black "Tylenda, Krzysztof "]
[Result "1-0"]
[WhiteTitle ""]
[BlackTitle ""]
[WhiteElo "1936"]
[BlackElo "1688"]

1. e4 c5 2. Nc3 Nc6 3. Bb5 g6 4. Bxc6 bxc6 5. d3 d6 6. f4 Bg7 7. Nf3 Bd7 8. O-O
e6 9. e5 d5 10. Na4 Qa5 11. c4 Rb8 12. b3 Qb4 13. Bd2 Qa3 14. Ne1 Rb4 15. Nc2
Rxa4 16. Nxa3 Rxa3 17. Be3 d4 18. Bc1 Ra6 19. Qe1 Ne7 20. g4 h5 21. h3 hxg4 22.
hxg4 Rh3 23. Qe2 Rb6 24. Rf3 Rh7 25. Ba3 Nc8 26. Bxc5 Rb7 27. Kg2 Kd8 28. Rh1
Rxh1 29. Kxh1 Kc7 30. Qe4 Be8 31. Qxd4 a5 32. Rh3 a4 33. b4 Nb6 34. Rh7 Nd7 35.
Qd6+ Kc8 36. Rxg7 Nxc5 37. Qxc5 Rd7 38. Qxc6+ Kb8 39. Rg8 Rxd3 40. Rxe8+ Ka7 41.
Ra8# 1-0

[Event "Miedzynarodowy Memorial Ireny Warakomskiej (Turniej Blitza)"]
[Site "Suwalki"]
[Date "2017-08-16"]
[Round "4.20"]
[White "Krol, Jan"]
[Black "Budnik, Mateusz"]
[Result "0-1"]
[WhiteTitle ""]
[BlackTitle ""]
[WhiteElo "1379"]
[BlackElo "1924"]

1. e4 c5 2. d4 cxd4 3. c3 dxc3 4. Nxc3 e6 5. Nf3 a6 6. Be3 d6 7. a3 Nf6 8. h3 Be7
9. Be2 O-O 10. O-O Bd7 11. Nd2 Bc6 12. Bf3 Nbd7 13. Nc4 b5 14. Nxd6 Ne5 15. Ndxb5
axb5 16. Qxd8 Rfxd8 17. Rad1 Nxf3+ 18. gxf3 Rxd1 19. Rxd1 Rd8 20. Rxd8+ Bxd8 21.
Kg2 Bc7 22. Bd4 Kf8 23. Bxf6 gxf6 24. b3 Be5 25. Nb1 Ke7 26. Nd2 Bc3 27. Nf1 Bb2
28. Ne3 Bxa3 29. Nc2 Bb2 30. Nb4 Bd7 31. Nd3 Bd4 32. Kf1 f5 33. e5 f6 34. exf6+
Kxf6 35. Ke2 e5 36. Ne1 f4 37. Nc2 Bxh3 38. Nxd4 exd4 39. Kd3 Ke5 40. Ke2 Bf5
41. Kd2 h5 42. Ke1 h4 43. Kf1 d3 44. b4 h3 45. Kg1 d2 46. Kh2 Kd4 47. Kg1 d1=Q+
48. Kh2 Qxf3 49. Kg1 Qg2# 0-1

[Event "Miedzynarodowy Memorial Ireny Warakomskiej (Turniej Blitza)"]
[Site "Suwalki"]
[Date "2017-08-16"]
[Round "5.1"]
[White "Kulon, Klaudia "]
[Black "Bilguun, Sumiya"]
[Result "1/2-1/2"]
[WhiteTitle ""]
[BlackTitle ""]
[WhiteElo "2331"]
[BlackElo "2527"]

1. c4 e6 2. g3 Nf6 3. Bg2 d5 4. cxd5 exd5 5. Nf3 c6 6. O-O Bd6 7. b3 O-O 8. Bb2
Re8 9. d3 Bg4 10. Nbd2 Nbd7 11. h3 Bh5 12. Re1 Bg6 13. Nh4 Be5 14. Qc2 Qb6 15.
Nxg6 hxg6 16. e3 Rad8 17. d4 Bb8 18. e4 dxe4 19. Nxe4 Nxe4 20. Bxe4 Nf6 21. Bg2
Qb4 22. Bc3 Qd6 23. Re5 Qd7 24. Re2 Rxe2 25. Qxe2 Re8 26. Qd2 Nd5 27. Re1 Re6
28. Kh2 Bc7 29. h4 Qe7 30. Bxd5 cxd5 31. Rxe6 Qxe6 32. Qe3 Qxe3 33. fxe3 f5 34.
Kg2 Kf7 35. Kf3 g5 36. hxg5 Kg6 37. Bb4 Kxg5 38. Be7+ Kg6 39. Bc5 b6 40. Bb4 Kh5
41. Be7 g5 42. Bf8 g4+ 43. Kf2 Kg6 44. Be7 Kf7 45. Bg5 Bd6 46. Bf4 Be7 47. Bb8
a6 48. Bc7 b5 49. Ke2 Ke6 50. Kd3 Kd7 51. Bf4 Kc6 52. Kc2 Kb6 53. Kc3 Bf8 54.
Kd3 a5 55. Kc3 a4 56. Bg5 Kc6 57. b4 Bd6 58. Bf4 Be7 59. a3 Bd6 1/2-1/2

[Event "Miedzynarodowy Memorial Ireny Warakomskiej (Turniej Blitza)"]
[Site "Suwalki"]
[Date "2017-08-16"]
[Round "5.2"]
[White "Stoma, Pawel "]
[Black "Lewtak, Damian "]
[Result "1-0"]
[WhiteTitle ""]
[BlackTitle ""]
[WhiteElo "2341"]
[BlackElo "2275"]

1. e4 c5 2. d4 cxd4 3. c3 d3 4. Bxd3 Nc6 5. c4 d6 6. Nc3 g6 7. h3 Bg7 8. Nf3 Nf6
9. O-O O-O 10. Be3 b6 11. a3 Bb7 12. b4 Rc8 13. Rc1 Nd7 14. Qb3 Nce5 15. Nxe5
Nxe5 16. Be2 Ba6 17. b5 Bb7 18. a4 Nd7 19. Qa3 Nc5 20. f3 f5 21. exf5 gxf5 22.
Rfd1 f4 23. Bf2 Rf5 24. Ne4 Nxe4 25. fxe4 Bxe4 26. Bg4 Rg5 27. Re1 Bf5 28. Bh4
Bd4+ 29. Kh1 Rxg4 30. hxg4 Bxg4 31. Rxe7 Qf8 32. Qd3 Qh6 33. g3 fxg3 34. Qxg3
Qxc1+ 35. Re1 Qxc4 36. Qxg4+ Kh8 37. Re8+ Rxe8 38. Bf6+ Bxf6 39. Qxc4 Re7 40.
Qg4 Be5 41. Qg5 Rd7 1-0

[Event "Miedzynarodowy Memorial Ireny Warakomskiej (Turniej Blitza)"]
[Site "Suwalki"]
[Date "2017-08-16"]
[Round "5.3"]
[White "Budnik, Mateusz"]
[Black "Bednarek, Sylwester"]
[Result "0-1"]
[WhiteTitle ""]
[BlackTitle ""]
[WhiteElo "1924"]
[BlackElo "2283"]

1. b3 c5 2. Bb2 Nc6 3. e3 e5 4. Bb5 Bd6 5. Na3 Nge7 6. Ne2 O-O 7. O-O Bc7 8. d4
cxd4 9. exd4 exd4 10. Nxd4 d5 11. Re1 Ne5 12. Nf3 N5g6 13. Bd3 Nf5 14. Nb5 Bb6
15. Ba3 Re8 16. Rxe8+ Qxe8 17. Qe1 Qd8 18. Nc3 Nf4 19. Bf1 Be6 20. Na4 Bc7 21.
Nc5 Bc8 22. Rd1 b6 23. Nd3 Ng6 24. Nb4 Bb7 25. c4 d4 26. Nd2 Qd6 27. g3 a5 28.
Nc2 Qc6 29. f3 Re8 30. Ne4 Ne5 31. Nxd4 Nxd4 32. Kf2 Nexf3 33. Qe3 Rxe4 34. Qd3
Ne5 35. Qc3 Ng4+ 36. Kg1 Re3 37. Qc1 Qh1# 0-1

[Event "Miedzynarodowy Memorial Ireny Warakomskiej (Turniej Blitza)"]
[Site "Suwalki"]
[Date "2017-08-16"]
[Round "5.4"]
[White "Zochowski, Kacper"]
[Black "Slezinski, Nikodem "]
[Result "1-0"]
[WhiteTitle ""]
[BlackTitle ""]
[WhiteElo "2263"]
[BlackElo "1936"]

1. c4 Nf6 2. g3 e6 3. Bg2 d5 4. Nf3 Be7 5. O-O O-O 6. b3 d4 7. Bb2 c5 8. b4 d3
9. bxc5 Bxc5 10. Ne5 dxe2 11. Qxe2 Bd4 12. Nc3 Nbd7 13. Nf3 Bxc3 14. Bxc3 Nc5
15. Bb4 Qb6 16. Rab1 Rd8 17. d4 Nce4 18. Be7 Qc7 19. Bxd8 Qxd8 20. Qc2 b6 21.
Rfd1 Bb7 22. Ne5 Rc8 23. Rbc1 Qe7 24. Re1 Nd6 25. Bxb7 Qxb7 26. c5 bxc5 27. dxc5
Nb5 28. c6 Qc7 29. Qb2 a6 30. a4 Nd6 31. Rb1 Nd5 32. Rec1 a5 33. Nc4 Ne4 34. Nb6
Rb8 35. Nxd5 1-0

[Event "Miedzynarodowy Memorial Ireny Warakomskiej (Turniej Blitza)"]
[Site "Suwalki"]
[Date "2017-08-16"]
[Round "5.5"]
[White "Okrucinski, Tadeusz"]
[Black "Jaroch, Karol"]
[Result "0-1"]
[WhiteTitle ""]
[BlackTitle ""]
[WhiteElo "2149"]
[BlackElo "2250"]

1. d4 e6 2. Nf3 Nf6 3. c4 d5 4. g3 Be7 5. Bg2 b6 6. O-O O-O 7. Nc3 Bb7 8. Ne5 Nbd7
9. Qa4 Nxe5 10. dxe5 Nd7 11. cxd5 Nc5 12. Qg4 exd5 13. Rd1 Bc8 14. Qd4 c6 15.
e4 Ne6 16. Qd2 d4 17. Ne2 c5 18. f4 Ba6 19. f5 Bg5 20. Qe1 Nc7 21. Nf4 Re8 22.
Nd5 Bxc1 23. Raxc1 Rxe5 24. Nxc7 Qxc7 25. Rxd4 Rae8 26. Qd2 Qc6 27. Rd6 Qa4 28.
f6 Bb7 29. b3 Qb5 30. Rd7 Bc6 31. Rxa7 Bxe4 32. Bf1 Qc6 33. a4 Qxf6 34. Bc4 Qf3
35. Bxf7+ Kh8 36. Qf4 Qh1+ 37. Kf2 Qg2+ 38. Ke3 Bb7+ 39. Kd3 0-1

[Event "Miedzynarodowy Memorial Ireny Warakomskiej (Turniej Blitza)"]
[Site "Suwalki"]
[Date "2017-08-16"]
[Round "5.6"]
[White "Paszewski, Mateusz "]
[Black "Chinguun, Sumiya "]
[Result "1-0"]
[WhiteTitle ""]
[BlackTitle ""]
[WhiteElo "2233"]
[BlackElo "2139"]

1. c4 Nf6 2. g3 g6 3. Bg2 Bg7 4. Nc3 d6 5. e4 O-O 6. Nge2 e5 7. O-O Nc6 8. d3 Nd7
9. Be3 f5 10. Qd2 Nc5 11. Nd5 Be6 12. b4 Nd7 13. b5 Ne7 14. Bg5 Bxd5 15. cxd5
Nf6 16. Rac1 a6 17. a4 axb5 18. axb5 Nd7 19. d4 fxe4 20. Bxe4 Nf6 21. Bg2 Qd7
22. dxe5 dxe5 23. Nc3 Rad8 24. Rfe1 Ne8 25. Ne4 Nd6 26. Nc5 Qe8 27. Ne6 Rf5 28.
Nxd8 Qxd8 29. Bh3 Rf8 30. Be6+ Kh8 31. Rb1 Qe8 32. b6 cxb6 33. Rxb6 Nc4 34. Qb4
Nc6 35. Rxc6 bxc6 36. Qxc4 cxd5 37. Bxd5 Qd7 38. Rb1 Qa7 39. Be3 Qe7 40. Bc5 Qf6
41. Bxf8 Bxf8 42. Rb8 Kg7 43. Qc7+ Kh6 44. Qc1+ g5 45. Rc8 Bd6 46. h4 Kh5 47.
Bf3+ g4 48. Be4 h6 49. Rc6 Qf8 50. Qc2 Qf6 51. Bg6+ Qxg6 52. Qxg6+ Kxg6 53. Rxd6+
Kh5 54. Rd5 Kg6 55. Rxe5 Kf6 56. Ra5 Kg6 57. Kf1 Kf6 58. Ke2 Ke6 59. Ke3 Kf6 60.
Kf4 Kg6 61. Kxg4 h5+ 62. Rxh5 1-0

[Event "Miedzynarodowy Memorial Ireny Warakomskiej (Turniej Blitza)"]
[Site "Suwalki"]
[Date "2017-08-16"]
[Round "5.7"]
[White "Sliwicki, Damian "]
[Black "Suliborski, Jakub"]
[Result "1-0"]
[WhiteTitle ""]
[BlackTitle ""]
[WhiteElo "2175"]
[BlackElo "2222"]

1. e4 c5 2. Nf3 d6 3. d4 cxd4 4. Qxd4 a6 5. c4 Nc6 6. Qe3 g6 7. Nc3 Bh6 8. Qd3
Bxc1 9. Rxc1 Nf6 10. Be2 O-O 11. h4 h5 12. Ng5 Ne5 13. Qd2 Be6 14. b3 Rc8 15.
f3 Qa5 16. Nxe6 fxe6 17. O-O Kg7 18. Kh1 Rcd8 19. Qg5 Nc6 20. Qg3 Qe5 21. f4 Qd4
22. f5 exf5 23. exf5 Ng4 24. Bxg4 Qxg4 25. Qxg4 hxg4 26. fxg6 Kxg6 27. g3 e6 28.
Ne4 Rf3 29. Rxf3 gxf3 30. Ng5 Nd4 31. Rd1 e5 32. Kg1 Rf8 33. Kf2 Kf5 34. Rd3 Kg4
35. Re3 a5 36. c5 Rc8 37. Ne4 d5 38. Nf6+ Kf5 39. Nxd5 Rxc5 40. Nc3 b5 41. h5
b4 42. Ne4 Rc2+ 43. Kf1 Rh2 44. Nf2 Kf6 45. Ng4+ Kg5 46. Nxh2 e4 47. Rxe4 1-0

[Event "Miedzynarodowy Memorial Ireny Warakomskiej (Turniej Blitza)"]
[Site "Suwalki"]
[Date "2017-08-16"]
[Round "5.8"]
[White "Jakubowska, Anna "]
[Black "Ocytko, Andrzej"]
[Result "1/2-1/2"]
[WhiteTitle ""]
[BlackTitle ""]
[WhiteElo "2186"]
[BlackElo "2113"]

1. e4 e5 2. Nc3 Nf6 3. g3 Nc6 4. Bg2 g6 5. d3 Bg7 6. Nge2 O-O 7. O-O d6 8. f4 Nd4
9. Nxd4 exd4 10. Ne2 Ng4 11. h3 Ne3 12. Bxe3 dxe3 13. c3 c6 14. Qc1 Qb6 15. a4
a5 16. d4 c5 17. Qxe3 Re8 18. Qd2 Qb3 19. Kh2 b5 20. dxc5 dxc5 21. axb5 Qxb5 22.
e5 Rb8 23. Bf3 Qxb2 24. Qxb2 Rxb2 25. Rxa5 f6 26. Kh1 fxe5 27. Rd1 Bxh3 28. Ng1
Bf5 29. fxe5 Bxe5 30. Re1 Bd7 31. Rxc5 Bxg3 32. Rxe8+ Bxe8 33. Ne2 Bd6 34. Rc8
Kf7 35. c4 Rc2 36. Nd4 Rc1+ 37. Kg2 Bd7 38. Rd8 Ke7 39. Rh8 h5 40. Rh7+ Kd8 41.
Bd5 Be5 42. Ne6+ Bxe6 43. Bxe6 Rc3 44. Rd7+ Ke8 45. Rd5 Bf4 46. c5 Ke7 47. Bd7
g5 48. c6 h4 49. Rd1 Kf6 50. Re1 Kf7 51. Rb1 Kf6 52. Rb7 Ke5 53. Rb5+ Kd6 54.
Rb1 Ke7 55. Re1+ Kf6 56. Re6+ Kf7 57. Rh6 Kg7 58. Re6 Kf7 1/2-1/2

[Event "Miedzynarodowy Memorial Ireny Warakomskiej (Turniej Blitza)"]
[Site "Suwalki"]
[Date "2017-08-16"]
[Round "5.9"]
[White "Kaniak, Justyna"]
[Black "Kaczmarek, Arkadiusz "]
[Result "0-1"]
[WhiteTitle ""]
[BlackTitle ""]
[WhiteElo "1901"]
[BlackElo "2185"]

1. e4 d5 2. exd5 Nf6 3. Nc3 Nxd5 4. Bc4 Nb6 5. Bb3 Nc6 6. d3 Bf5 7. Bf4 e6 8. Nf3
Be7 9. Qd2 O-O 10. h3 a5 11. a3 Rc8 12. O-O-O Nd4 13. Ba2 Nxf3 14. gxf3 Nd5 15.
Nxd5 exd5 16. Rde1 Bf6 17. Qxa5 Be6 18. Be5 Bxe5 19. Rxe5 b6 20. Qd2 Qf6 21. Qe3
d4 22. Qxd4 Bxa2 23. b3 Qxf3 24. Rg5 Qxh1+ 25. Kb2 Qb1+ 0-1

[Event "Miedzynarodowy Memorial Ireny Warakomskiej (Turniej Blitza)"]
[Site "Suwalki"]
[Date "2017-08-16"]
[Round "5.10"]
[White "Paprocki, Jaroslaw "]
[Black "Cukrowski, Filip "]
[Result "0-1"]
[WhiteTitle ""]
[BlackTitle ""]
[WhiteElo "2101"]
[BlackElo "2180"]

1. d4 Nf6 2. c4 g6 3. Nc3 Bg7 4. e4 O-O 5. f4 d6 6. Nf3 c5 7. d5 a6 8. a4 Ne8 9.
Bd2 f5 10. Bd3 fxe4 11. Bxe4 Nf6 12. Bd3 e6 13. O-O exd5 14. cxd5 Nbd7 15. Qb3
Nb6 16. a5 c4 17. Bxc4 Nxc4 18. Qxc4 Bf5 19. Nd4 Rc8 20. Qb4 Bd3 21. Ne6 Qe7 22.
Rfe1 Rfe8 23. Qd4 Bf5 24. Nxg7 Qxg7 25. Na4 Ne4 26. Qxg7+ Kxg7 27. Be3 Rc2 28.
Bd4+ Kf7 29. Nb6 Rd2 30. Ra4 Nc5 31. Rxe8 Nxa4 32. Rb8 Rxd4 33. Rxb7+ Kf6 34.
Nxa4 Rxa4 35. b4 Be4 36. Rb6 Ke7 37. Kf2 Bxd5 38. Rxa6 Rxb4 39. Ra7+ Rb7 40. Ra6
Kd7 41. g3 Kc7 42. Ke3 Rb3+ 43. Kd4 Bc6 44. Kc4 Bb5+ 45. Kxb3 Bxa6 46. Kc3 Kc6
47. Kd4 Bb7 48. g4 Bc8 49. h3 Kd7 50. f5 gxf5 51. gxf5 Ke7 52. Ke4 Kf6 53. Kd5
Bxf5 54. Kxd6 Bxh3 55. a6 Bg2 56. Kc5 Kg5 57. Kd4 Kg4 58. Ke3 Kg3 59. Kd4 h5 0-1

[Event "Miedzynarodowy Memorial Ireny Warakomskiej (Turniej Blitza)"]
[Site "Suwalki"]
[Date "2017-08-16"]
[Round "5.11"]
[White "Smolka, Marcin "]
[Black "Bogdanov, Ignat"]
[Result "0-1"]
[WhiteTitle ""]
[BlackTitle ""]
[WhiteElo "2161"]
[BlackElo "2092"]

1. e4 e6 2. Nf3 d5 3. e5 c5 4. b4 cxb4 5. a3 bxa3 6. Bxa3 Bxa3 7. Nxa3 Bd7 8. d4
Ne7 9. Bd3 a6 10. O-O Nbc6 11. c3 Rc8 12. Nc2 Na7 13. Qd2 Bb5 14. Nb4 Bxd3 15.
Nxd3 Nb5 16. Nc5 Rxc5 17. dxc5 Qc7 18. c4 dxc4 19. Nd4 O-O 20. Nxb5 axb5 21. Qd6
Nd5 22. Ra7 Qc8 23. Rfa1 c3 24. R7a2 b4 25. Rd1 b3 26. Ra4 c2 27. Rf1 b2 28. c6
bxc6 29. Rc4 b1=Q 30. Rxc6 Qxf1+ 31. Kxf1 c1=Q+ 32. Ke2 0-1

[Event "Miedzynarodowy Memorial Ireny Warakomskiej (Turniej Blitza)"]
[Site "Suwalki"]
[Date "2017-08-16"]
[Round "5.12"]
[White "Golek, Jagoda"]
[Black "Zaika, Daniil"]
[Result "1-0"]
[WhiteTitle ""]
[BlackTitle ""]
[WhiteElo "2151"]
[BlackElo "1941"]

1. e4 e6 2. d3 d5 3. Nd2 Nf6 4. g3 Be7 5. Bg2 c5 6. Ngf3 Nc6 7. O-O b6 8. e5 Nd7
9. Re1 Qc7 10. Qe2 Bb7 11. Nf1 O-O-O 12. c3 Rdg8 13. a3 g5 14. b4 h5 15. h4 g4
16. Ng5 Bxg5 17. Bxg5 Ncxe5 18. Bf4 f6 19. d4 Nf3+ 20. Bxf3 gxf3 21. Qxf3 e5 22.
Bd2 Qd6 23. bxc5 bxc5 24. Rab1 Rg4 25. Ne3 Rg6 26. Nf5 Qe6 27. Ne3 Rhg8 28. Nf1
Qg4 29. Qxg4 Rxg4 30. Kh2 exd4 31. f3 R4g7 32. cxd4 c4 33. Bf4 Nb6 34. Ne3 Re7
1-0

[Event "Miedzynarodowy Memorial Ireny Warakomskiej (Turniej Blitza)"]
[Site "Suwalki"]
[Date "2017-08-16"]
[Round "5.13"]
[White "Semczuk, Jerzy "]
[Black "Kyrychenko, Maryan "]
[Result "1-0"]
[WhiteTitle ""]
[BlackTitle ""]
[WhiteElo "1872"]
[BlackElo "2060"]

1. e4 c5 2. Nf3 d6 3. d4 cxd4 4. Nxd4 Nf6 5. Nc3 g6 6. Be3 Bg7 7. f3 O-O 8. Bc4
Nc6 9. Qd2 Bd7 10. O-O-O Rb8 11. g4 b5 12. Bd5 b4 13. Bxc6 bxc3 14. Qxc3 Bxc6
15. Nxc6 Nxg4 16. Qxg7+ Kxg7 17. Bd4+ Nf6 18. Nxd8 Rfxd8 19. e5 dxe5 20. Bxe5
Rxd1+ 21. Rxd1 Rb5 22. f4 g5 23. Rg1 h6 24. h4 Kh7 25. hxg5 hxg5 26. Rxg5 Ne8
27. Rg1 f6 28. Bd4 a5 29. c4 Rf5 30. Be3 Nd6 31. b3 Ne4 32. Kc2 a4 33. Kd3 Nd6
34. c5 Nb7 35. c6 Nc5+ 36. Kc4 1-0

[Event "Miedzynarodowy Memorial Ireny Warakomskiej (Turniej Blitza)"]
[Site "Suwalki"]
[Date "2017-08-16"]
[Round "5.14"]
[White "Krzywda, Andrzej "]
[Black "Hasinski, Krystian "]
[Result "1-0"]
[WhiteTitle ""]
[BlackTitle ""]
[WhiteElo "2047"]
[BlackElo "1801"]

1. e4 g6 2. d4 Bg7 3. Nc3 d6 4. Be3 Nf6 5. h3 O-O 6. g4 e5 7. Bg2 Nc6 8. Nge2 exd4
9. Nxd4 Nxd4 10. Bxd4 Re8 11. O-O Be6 12. f4 Bc4 13. Re1 a6 14. Qf3 Nd7 15. Bxg7
Kxg7 16. Rad1 Qe7 17. b3 Bb5 18. Nd5 Qd8 19. Qc3+ Kg8 20. Qxc7 Bc6 21. Qxd6 Kh8
22. Nc7 Qh4 23. Nxa8 Rxa8 24. Qd4+ Kg8 25. Qf2 Qe7 26. e5 Bxg2 27. Kxg2 Rc8 28.
c4 b5 29. Qd4 bxc4 30. Qxd7 Qc5 31. e6 fxe6 32. Qxe6+ Kf8 33. Qf6+ Kg8 34. Re7
1-0

[Event "Miedzynarodowy Memorial Ireny Warakomskiej (Turniej Blitza)"]
[Site "Suwalki"]
[Date "2017-08-16"]
[Round "5.15"]
[White "Litner, Igor "]
[Black "Wozniak, Mariola "]
[Result "0-1"]
[WhiteTitle ""]
[BlackTitle ""]
[WhiteElo "1719"]
[BlackElo "2045"]

1. d4 f5 2. g4 fxg4 3. h3 g3 4. fxg3 Nf6 5. Nc3 c5 6. dxc5 Na6 7. Be3 e6 8. Nf3
Nxc5 9. Bg2 Be7 10. Qd4 O-O 11. O-O-O d5 12. Bf4 Nce4 13. Nxe4 Nxe4 14. Ne5 Bc5
15. Qxe4 dxe4 16. Rxd8 Rxd8 17. Bxe4 Bd6 18. e3 Rf8 19. Nd3 Bxf4 20. exf4 Rb8
21. Ne5 Rd8 22. c3 Bd7 23. Rd1 Be8 24. Re1 b6 25. Nc6 Bxc6 26. Bxc6 Kf7 27. Ba4
Rbc8 28. Bb3 Rd6 29. Kc2 Kf6 30. Re5 Rc5 31. Re1 b5 32. a3 a5 33. Ba2 b4 34. axb4
axb4 35. Bb3 bxc3 36. bxc3 Rdc6 37. Re3 h5 38. h4 e5 39. fxe5+ Rxe5 40. Rf3+ Rf5
41. Rd3 Rf2+ 42. Kd1 Ra6 43. Ke1 Rh2 44. Kf1 Ra1+ 45. Bd1 Ke5 46. c4 Rb2 47. c5
Rc1 48. c6 Rxc6 49. Bxh5 Rc1+ 50. Rd1 Rxd1+ 51. Bxd1 Rb1 52. Ke2 Rb2+ 53. Kf3
Ra2 54. Kg4 Kf6 55. Bb3 Rb2 56. Bd1 Rd2 57. Bf3 Rd4+ 58. Kh3 Kf5 59. Be2 Rd2 60.
Bc4 Ke5 61. h5 Kf6 62. Kh4 Rd4+ 0-1

[Event "Miedzynarodowy Memorial Ireny Warakomskiej (Turniej Blitza)"]
[Site "Suwalki"]
[Date "2017-08-16"]
[Round "5.17"]
[White "Ostrowski, Robert"]
[Black "Tarnowska, Aleksandra"]
[Result "0-1"]
[WhiteTitle ""]
[BlackTitle ""]
[WhiteElo "2028"]
[BlackElo "1774"]

1. e4 c5 2. Nf3 e6 3. d4 cxd4 4. c3 d5 5. exd5 Qxd5 6. Nxd4 a6 7. Be3 Nf6 8. c4
Qd8 9. Nc3 Be7 10. Bd3 O-O 11. O-O Nc6 12. Nxc6 bxc6 13. Qe2 c5 14. Bg5 Bb7 15.
Rad1 Qc7 16. b3 h6 17. Bh4 Qc6 18. f3 Rad8 19. Bf2 Rd7 20. Ne4 Nxe4 21. Bxe4 Qc7
22. Qc2 Bxe4 23. Qxe4 Rfd8 24. Rxd7 Qxd7 25. Qe5 Qd2 26. Qc7 Rd7 27. Qa5 Qxa5
28. h3 Bf6 29. a4 Bd4 0-1

[Event "Miedzynarodowy Memorial Ireny Warakomskiej (Turniej Blitza)"]
[Site "Suwalki"]
[Date "2017-08-16"]
[Round "5.18"]
[White "Janiszewski, Maciej"]
[Black "Volkov, Aleksandr"]
[Result "0-1"]
[WhiteTitle ""]
[BlackTitle ""]
[WhiteElo "1968"]
[BlackElo "1544"]

1. Nf3 Nc6 2. d4 d5 3. g3 Bg4 4. Bg2 Nf6 5. O-O h5 6. c4 dxc4 7. Qa4 Qd7 8. Qxc4
O-O-O 9. Nc3 h4 10. Nxh4 Bh3 11. Bf4 Bxg2 12. Kxg2 Qxd4 13. Qxd4 Nxd4 14. Rac1
Ne6 15. Be3 Ng4 16. Bxa7 g5 17. Nf3 b6 18. Nb5 Kb7 19. h3 c6 20. Na3 Kxa7 21.
hxg4 c5 22. Ne5 Rd2 23. Nxf7 Rg8 24. Rc2 Rxc2 25. Nxc2 Bg7 26. b3 Nd4 27. Nxd4
Bxd4 28. Nh6 Rg6 29. Nf5 e5 30. e3 Bc3 31. Rd1 Ka6 32. Rd7 Re6 33. a4 Ka5 34.
Rg7 Kb4 35. Rxg5 Kxb3 36. Ng7 Re7 37. Nf5 Re6 38. e4 Kxa4 39. Ne3 Kb4 40. Nd5+
Kc4 41. Rg8 b5 42. Rc8 b4 43. f4 b3 44. f5 Rh6 45. f6 b2 46. Rb8 Bb4 47. Nxb4
cxb4 48. f7 b1=Q 49. Rxb4+ Qxb4 50. g5 Rg6 51. g4 Qf8 52. Kg3 Qxf7 53. Kh4 Qh7+
54. Kg3 Rxg5 55. Kf3 Qf7+ 56. Kg3 Qf4+ 57. Kh2 Qxg4 58. Kg3 Qf4+ 59. Kh2 0-1

[Event "Miedzynarodowy Memorial Ireny Warakomskiej (Turniej Blitza)"]
[Site "Suwalki"]
[Date "2017-08-16"]
[Round "5.19"]
[White "Karlov, Egor "]
[Black "Murawko, Katarzyna "]
[Result "0-1"]
[WhiteTitle ""]
[BlackTitle ""]
[WhiteElo "1538"]
[BlackElo "1963"]

1. d4 c5 2. Nf3 g6 3. c4 Bg7 4. d5 d6 5. Nc3 Nf6 6. e4 O-O 7. Bd3 Ne8 8. Bd2 a6
9. O-O e5 10. Qc2 h6 11. a3 f5 12. Ne2 f4 13. b4 b6 14. bxc5 bxc5 15. Rab1 Bg4
16. Ne1 g5 17. f3 Bh5 18. Rb7 Nd7 19. Qa4 Ndf6 20. Ba5 Qc8 21. Rb6 g4 22. Rc6
Qd7 23. Qb3 gxf3 24. Nxf3 Ng4 25. Nh4 Ne3 26. Rf2 Qg4 27. Nf5 Nxf5 28. exf5 Bf6
29. Be4 Bh4 30. g3 fxg3 31. hxg3 Qxe4 32. gxh4 Bxe2 33. Rg2+ Kh8 34. Qg3 Bh5 35.
Rc7 Qf4 36. Qxf4 0-1